[Event "EU-chT (Men) 13th"]
[Site "Leon"]
[Date "2001.11.06"]
[Round "1.4"]
[White "Holmsten, Aleksei"]
[Black "Mohr, Georg"]
[Result "0-1"]
[WhiteElo "2422"]
[BlackElo "2498"]
[Annotator "Rogozenco,D"]
[PlyCount "65"]
[EventDate "2001.11.06"]
[EventType "team-swiss"]
[EventRounds "9"]
[EventCountry "ESP"]
[SourceTitle "CBM 086"]
[Source "ChessBase"]
[SourceDate "2002.02.05"]
[SourceVersion "1"]
[SourceVersionDate "2002.02.05"]
[SourceQuality "1"]
[WhiteTeam "Finland"]
[BlackTeam "Slovenia"]
[WhiteTeamCountry "FIN"]
[BlackTeamCountry "SLO"]

1. e4 c5 2. Nf3 e6 3. d4 cxd4 4. Nxd4 Nf6 5. Nc3 Nc6 6. Ndb5 d6 7. Bf4 e5 8.
Bg5 a6 9. Na3 b5 10. Nd5 Be7 11. Bxf6 Bxf6 12. c3 Ne7 13. Nxf6+ gxf6 14. Bd3
Bb7 15. Qe2 Qb6 16. O-O-O (16. Nc2 d5 (16... f5 17. f3 f4 18. Qf2 Qxf2+ 19.
Kxf2 d5 20. exd5 Nxd5 21. Rhe1 f6 22. a4 $14 {1/2-1/2 Nisipeanu,D-Moreno
Javier /France tt 2000/ (44)}) 17. f4 $2 f5 $1 18. exf5 e4 19. Nd4 exd3 20.
Qxd3 O-O-O $17 {0-1 Pavlov M.-Malakhatko V. Alushta 2001 (31)}) 16... O-O-O (
16... d5 {From a different move order this position was met in the game Heim,
S-Holmsten,A/Bergen NOR 2001. Black got a comfortable position after} 17. f4 (
17. Nc2 O-O-O {with a transposition to our main game is better, what Holmsten
did with white pieces.}) 17... O-O-O 18. fxe5 fxe5 19. exd5 Rxd5 20. Be4 Rxd1+
21. Rxd1 Qh6+ 22. Rd2 Rd8 23. Bxb7+ Kxb7) 17. Nc2 d5 18. exd5 Nxd5 19. Be4 $11
{/+/=. White is slightly better thanks to the pawn structure.} Kb8 (19... Nf4
$5 20. Qf3 Kc7 21. g3 Bxe4 22. Qxe4 Nh3 {[%csl Rf2]}) 20. g3 Qe6 (20... Ne3 $5)
21. Rhe1 Rd6 22. Qh5 Rhd8 {For this system (12. ... Ne7 and then 0-0-0) is
quite typical to sac a pawn for the initiative. Black is more or less forced
to do so, otherwise White will take total control over black weaknesses and
will blockade central pawns. Look for instance the games Ye-Krasenkow 1999, or
Shmuter-Tsesarsky 1999.} 23. Qxh7 f5 {Immediately giving up the second pawn.
Of course two pawns are quite a lot and the compensation can hardly be enough.
Stll, Black has some ideas after that.} 24. Bxd5 (24. Bxf5 Qf6 {[%cal Gd8h8]})
(24. Qxf5 $2 Qh6+ 25. f4 (25. Kb1 Nxc3+ $19) 25... exf4 26. gxf4 Bc8 $1 27.
Qxf7 Be6 28. Qh7 Qxf4+ $19) 24... Bxd5 (24... Rxd5 25. Ne3 Rxd1+ 26. Rxd1 Rxd1+
27. Nxd1 Be4 $44) 25. Nd4 Qf6 26. Nxf5 R6d7 27. Ne3 Bf3 {Black's point is that
his bishop is much stronger than white knight and now Black has a better
control over light squares.} 28. Rxd7 Rxd7 29. Qc2 Qc6 30. h4 a5 {White is
better thanks to his material advantage, but it is difficult to do something.
Black controls the d-file and the bishop on f3 holds the further advance of
White's kingside pawns.} 31. a4 $6 {There was no need to give back one pawn.
Black also will have some a4-a3 ideas after that.} (31. g4 $5) (31. a3 a4 $140
$2 32. Qf5 f6 33. Nc2 $16 {/+-.}) 31... bxa4 32. Qf5 f6 {[%mdl 8192]} 33. Kb1
$4 (33. Kb1 $4 Be4+ $19) (33. Nc4 $5 {[%cal Gc4a5,Gc4d2]}) 0-1

[Event "North Sea Cup 18th"]
[Site "Esbjerg"]
[Date "2003.06.05"]
[Round "2"]
[White "Dominguez Perez, Leinier"]
[Black "Schandorff, Lars"]
[Result "1/2-1/2"]
[WhiteElo "2603"]
[BlackElo "2563"]
[Annotator "Rogozenco,D"]
[PlyCount "69"]
[EventDate "2003.06.04"]
[EventType "tourn"]
[EventRounds "9"]
[EventCountry "DEN"]
[EventCategory "15"]
[SourceTitle "CBM 096"]
[Source "ChessBase"]
[SourceDate "2003.09.25"]
[SourceVersion "1"]
[SourceVersionDate "2003.09.25"]
[SourceQuality "1"]

1. e4 c5 2. Nf3 Nc6 3. d4 cxd4 4. Nxd4 Nf6 5. Nc3 e5 6. Ndb5 d6 7. Bg5 a6 8.
Na3 b5 9. Bxf6 gxf6 10. Nd5 f5 11. Bd3 Be6 12. O-O Bxd5 13. exd5 Ne7 14. c3 Bg7
15. Qh5 e4 16. Bc2 O-O 17. Rae1 Qc8 18. Kh1 Rb8 19. f3 b4 20. fxe4 (20. Nb1 $6
bxc3 21. bxc3 Bxc3 22. Nxc3 Qxc3 23. fxe4 f4 24. Bb3 Ng6 $15 {0-1 Shirov,
A-Leko,P/Dortmund 2002 (47)}) 20... bxa3 21. exf5 Rxb2 (21... Bf6 {is also
enough for equality:} 22. Rxe7 Qc4 {this is slightly more precise than taking
immediately on b2, although both 22...axb2 and 22...Rxb2 must be no problem
for Black as well.} (22... Rxb2 23. Re3 Qc4 24. Bd3 Qh4 25. Qxh4 Bxh4 26. f6
Rxa2 27. Rh3 $140 $2 Bxf6 28. Rxf6 Ra1+ 29. Bf1 a2 $19) (22... axb2 23. Re3 Qc4
$44) (22... Bxe7 $4 23. f6 $18) 23. Rfe1 axb2 24. R7e3 Qh4 {and in spite of
being a pawn down, Black shouldn't have problems.}) 22. f6 Ng6 23. fxg7 Kxg7
24. Bd3 (24. Bb1 Qxc3 25. Qf5 Rxg2 $1 $17 {0-1 Zenklusen,R-Arizmendi Martinez,
J/Biel 2003 (31)}) 24... Qxc3 25. Re3 Kg8 $1 $146 (25... Rf2 $2 26. Rh3 Rxf1+
27. Bxf1 Qc1 28. Qxh7+ Kf6 29. Rf3+ Ke7 30. Qg7 Ne5 31. Qf6+ Kd7 32. Rb3 $36 {
1-0 Abreu,A-Handke,F/Havana 2003 (66)}) 26. Bxg6 (26. Rh3 Qg7 {[%csl Rg2][%cal
Gg7g2] No more attack for White. Besides threatening simply to take on a2,
Black also creates pressure on g2.}) 26... hxg6 27. Rxc3 gxh5 {The endgame is
equal.} 28. Rxa3 (28. Rg3+ {Looks logical to start with this check and send
the black monarch on h-file, but as a result it also opens the g-file for
Black:} Kh7 ({or} 28... Kh8) 29. Rxa3 Rg8 30. g3 Re8 $11) 28... Re8 29. Rxa6
Ree2 30. Rxd6 Rxg2 31. Rg1 Rxg1+ 32. Kxg1 Rxa2 33. Rh6 Kg7 34. Rxh5 Rd2 35.
Rg5+ 1/2-1/2

[Event "Budapest FS12 GM-A"]
[Site "Budapest"]
[Date "2001.12.09"]
[Round "9"]
[White "Bakre, Tejas"]
[Black "Czebe, Attila"]
[Result "1-0"]
[WhiteElo "2446"]
[BlackElo "2491"]
[Annotator "Rogozenco,D"]
[PlyCount "61"]
[EventDate "2001.11.01"]
[EventType "tourn"]
[EventRounds "13"]
[EventCountry "HUN"]
[EventCategory "10"]
[SourceTitle "CBM 087"]
[Source "ChessBase"]
[SourceDate "2002.03.21"]
[SourceVersion "1"]
[SourceVersionDate "2002.03.21"]
[SourceQuality "1"]

1. e4 c5 2. Nf3 e6 3. d4 cxd4 4. Nxd4 Nf6 5. Nc3 Nc6 6. Ndb5 d6 7. Bf4 e5 8.
Bg5 a6 9. Na3 b5 10. Nd5 Be7 11. Bxf6 Bxf6 12. c3 Bg5 13. Nc2 O-O 14. a4 bxa4
15. Rxa4 Ne7 $6 {Sooner or later Black must play a6-a5 anyway, so why not to
do it immediately? However, it seems that in the present game Black would
rather give up a pawn than to play a5. A misterious approach, to say the least.
} (15... a5) 16. Bc4 (16. Ncb4 a5 17. Bb5 $5 {leads by transposition to the
line 15. ... a5 16.Bb5 Ne7 17.Ncb4.}) 16... Be6 17. O-O ({White could take the
pawn immediately, but with opponent's help in the game he got a much better
version.} 17. Rxa6 Rxa6 18. Bxa6 Bxd5 19. exd5 Qb6 20. Nb4) 17... Kh8 18. Nce3
(18. Rxa6) 18... Bxe3 (18... a5 19. Qe2 $14) 19. Nxe3 Qd7 $2 (19... a5 20. Qd2
{[%cal Gf1a1]}) 20. Rxa6 {A pawn for nothing. Black achieved his goal - he got
rid of the nasty pawn. Very soon Black will make the second step - he will
resign.} Rxa6 21. Bxa6 Qc6 22. Bd3 $16 {/+-.} g6 23. Qd2 Ra8 24. Rd1 Qb7 25.
Bc4 Rd8 26. Bxe6 fxe6 27. Nc4 Kg8 28. Qg5 Qc7 29. b3 Kg7 30. Rxd6 $1 {Putting
an end to this strange game.} Rf8 (30... Rxd6 31. Qxe5+ $18) 31. Qxe5+ {
Did Black miss this answer?} 1-0

[Event "Budapest zt 1.4"]
[Site "Budapest"]
[Date "2000.06.24"]
[Round "8"]
[White "Blehm, Pawel"]
[Black "Mrva, Martin"]
[Result "1-0"]
[WhiteElo "2494"]
[BlackElo "2426"]
[Annotator "Rogozenco,D"]
[PlyCount "51"]
[EventDate "2000.06.17"]
[EventType "swiss"]
[EventRounds "9"]
[EventCountry "HUN"]
[SourceTitle "CBM 078"]
[Source "ChessBase"]
[SourceDate "2000.10.18"]
[SourceVersion "1"]
[SourceVersionDate "2000.10.18"]
[SourceQuality "1"]

1. e4 c5 2. Nf3 Nc6 3. d4 cxd4 4. Nxd4 Nf6 5. Nc3 e5 6. Ndb5 d6 7. Bg5 a6 8.
Na3 b5 9. Nd5 Be7 10. Bxf6 Bxf6 11. c3 Ne7 12. Nxf6+ gxf6 13. g3 f5 14. Bg2 Bb7
15. Qe2 Qb6 16. O-O-O Rc8 $5 (16... O-O-O $14) 17. f4 $1 {Black's main concern
in this line is his King. He cannot castle queenside any more and short castle
is often dangerous too. So Black plays with his King in the center and White
opens the position.} (17. Kb1 $5) 17... exf4 $2 {Opening e-file is in White's
favour, of course.} (17... fxe4 18. Bxe4 (18. fxe5 dxe5 (18... d5 $6 19. Nc2 b4
20. cxb4 Qxb4 21. Kb1 $14) 19. Bxe4 Bxe4 20. Qxe4 Qe6 $13 {[%csl Ra3]}) 18...
Bxe4 19. Qxe4 f5 20. Qd3 $13) 18. exf5 (18. Rhe1 $5) 18... Bxg2 19. Qxg2 b4 {
Looks strong, but white King is safe.} 20. Nc2 bxc3 21. b3 Qa5 22. Kb1 O-O $2 (
22... Qxf5 23. Rhe1 (23. gxf4 $44) 23... f3 24. Qf2 $44) 23. gxf4+ Kh8 24. Rhe1
Rg8 (24... Nxf5 25. Rd5 Nh4 26. Qg5 f6 27. Qh5 $18) 25. Qe4 Rc7 $2 (25... Nc6
26. Rxd6 $16 {/+-.}) 26. Qd4+ 1-0

[Event "NED-ch57"]
[Site "Leeuwarden"]
[Date "2002.06.28"]
[Round "8"]
[White "Van der Wiel, John"]
[Black "Reinderman, Dimitri"]
[Result "1-0"]
[WhiteElo "2509"]
[BlackElo "2537"]
[Annotator "Rogozenco,D"]
[PlyCount "80"]
[EventDate "2002.06.20"]
[EventType "tourn"]
[EventRounds "9"]
[EventCountry "NED"]
[EventCategory "13"]
[SourceTitle "CBM 090"]
[Source "ChessBase"]
[SourceDate "2002.09.20"]
[SourceVersion "1"]
[SourceVersionDate "2002.09.20"]
[SourceQuality "1"]

1. e4 c5 2. Nf3 Nc6 3. d4 cxd4 4. Nxd4 Nf6 5. Nc3 e5 6. Ndb5 d6 7. Bg5 a6 8.
Na3 b5 9. Bxf6 gxf6 10. Nd5 f5 11. c3 Bg7 12. exf5 Bxf5 13. Nc2 O-O 14. Nce3
Be6 15. Bd3 f5 16. Bc2 {The major drawback of this useful bishop retreat is
that Black can practically force a draw in case of wish. The only way to fight
for advantage in this line remains 16.Qh5. Another option is 16.0-0.} f4 (16...
Ne7 $2 17. Nxe7+ Qxe7 18. Bxf5 Bxf5 19. Nxf5 Rxf5 20. Qd5+ $18 {[%csl Ra8]}) (
16... Ra7 $6 17. Qh5 Raf7 18. g4 $40) (16... Kh8 $5) 17. Qh5 Rf7 18. Bxh7+ Kf8
19. Bf5 Qe8 20. Bxe6 Qxe6 21. Qg4 Qe8 $4 {A very strange decision, all the
more that Dimitri has a good experience in Sveshnikov Sicilian. I can't even
find an explanation, since both logical guesses fail to convince: either Black
simply forgot the line, but in that case it is easy to find the right move
over the board. The second guess is that Dimitri wanted badly to win the game
and that's why he avoided the draw. But this is even less credible, since
Black immediately gets a lost position without any chances. In fact I believe
that Black simply made quickly the move without thinking and only after
White's reply realised the blunder.} (21... Qh6 22. Nf5 (22. Nc2 $6 e4 {
gives Black a good compensation. ...Ne5 follows with a strong initiative. In
the practice nobody with White felt ready to suffer for a pawn.}) (22. Nb6 $6
Rd8 23. Ned5 e4 $44) 22... Qe6 23. Nfe3 Qh6 {is the well-known path to share
the point.}) 22. Nc2 $18 {Now the difference between the queen's position is
obvious. From h6 it would have protected pawn f4 and Black would have been
able to push 22...e4. Here 22...e4 is not possible because of 23.Nxf4.} Qc8 23.
Qg6 {[%cal Gd5b6,Gg6d6]} (23. Qxc8+ {is also good enough, but Van der Wiel's
move is more convincing. White's queen is very strong and there is no point
yet to trade it.}) 23... Qd8 24. O-O Ne7 25. Nxe7 Qxe7 26. Rfd1 Rf6 27. Qe4 {
A pawn up and domination on the light squares. The game is over.} Re8 28. a4 f3
29. g3 Qe6 30. axb5 axb5 31. Ra7 b4 (31... Qh3 32. Ne3 Bh6 33. Qh7) 32. Ne3
bxc3 33. bxc3 Rb8 34. Qh7 Rg6 35. Nf5 Qd5 (35... Qxf5 36. Rxg7 $18) 36. Raa1 {
The elementary accuracy is always required.} Qf7 37. Rxd6 Rxd6 38. Nxd6 Qe6 39.
Ra7 Qxd6 40. Qxg7+ Ke8 1-0

[Event "American Continental 3rd"]
[Site "Buenos Aires"]
[Date "2005.08.16"]
[Round "11"]
[White "Mieles Palau, Daniel"]
[Black "Echavarria, Johann"]
[Result "1-0"]
[WhiteElo "2476"]
[BlackElo "2362"]
[Annotator "Rogozenco,D"]
[PlyCount "89"]
[EventDate "2005.08.06"]
[EventType "swiss"]
[EventRounds "11"]
[EventCountry "ARG"]
[SourceTitle "CBM 109"]
[Source "ChessBase"]
[SourceDate "2005.11.14"]
[SourceVersion "1"]
[SourceVersionDate "2005.11.14"]
[SourceQuality "1"]

1. e4 c5 2. Nf3 e6 3. d4 cxd4 4. Nxd4 Nf6 5. Nc3 Nc6 6. Ndb5 d6 7. Bf4 e5 8.
Bg5 a6 9. Na3 b5 10. Bxf6 gxf6 11. Nd5 f5 12. Bd3 Be6 13. O-O Bxd5 14. exd5 Ne7
15. Re1 Bg7 16. c3 O-O 17. Qh5 e4 18. Bf1 Re8 19. Rad1 ({An important
alternative is} 19. Nc2 Nxd5 20. Qxf5 Re5 21. Qg4 (21. Qh3 Nf4 {
Inarkiev-Babula, Pardubice 2003 (22)}) 21... f5 (21... h5 22. Qd1 Qg5 23. a4 b4
(23... Rae8 $5 24. axb5 axb5 $13 25. Bxb5 $4 Nf4 $19) 24. cxb4 (24. Nxb4 Nxb4
25. cxb4 d5 $44 {[%cal Ge5e6,Gd5d4]}) 24... e3 25. fxe3 Nxe3 26. Nxe3 {and
here unexpectedly the draw was agreed in Hracek,Z (2591)-Krasenkow,M (2663)/
Saint Vincent 2005} (26. Qf3 Rae8 27. Nxe3 $14) (26. Nxe3 Rxe3 27. Qxd6 $14)) (
21... Kh8 $5 22. a4 b4) 22. Qd1 Kh8 (22... Qb6 23. a4 $14) 23. a4 bxa4 (23...
b4 $142 24. cxb4 (24. Nxb4 Nxb4 25. cxb4 d5 $44) 24... Nf4 $44 (24... f4 $5))
24. Rxa4 $14) 19... Ng6 {Krasenkow´s idea. Black sacrifices a pawn in order to
bring quickly his pieces into play and get some initiative in center and on
the kingside. The Polish GM considers it to be strong, while I am not sure
that Black is in need for such extreme measures.} ({So far Black didn´t have
problems after} 19... Rc8 20. Nc2 Rc5 21. Ne3 f4 22. Nf5 Nxf5 23. Qxf5 Qf6) ({
To very complicated play leads} 19... Qc8 20. Nc2 Ng6) 20. Qxf5 Re5 21. Qh3 (
21. Qg4 f5 22. Qh3 (22. Qe2 Nf4 23. Qc2 Kh8 24. Qb3 Qg5 $44 {0-1 Delchev,A 
(2614)-Kolev,A (2524)/Brena Baja 2005 (50)}) 22... Kh8 (22... Nf4 $5) 23. Nc2
Nf4 (23... Qf6 24. Nb4 Rg8 25. g3 Bf8 26. Kh1 f4 27. Nc6 Re8 28. Rd4 e3 29. Bd3
fxg3 30. fxg3 Qf3+ 31. Qg2 $16 {1-0 Gouliev,N (2509)-Maze,S (2464)/Paris 2004 
(51)}) 24. Qg3 Bh6 25. c4 bxc4 26. Ne3 Nd3 $13 {0-1 Horvath,A (2528)-Krasenkow,
M (2632)/Budapest 2004 (55)}) 21... Nf4 22. Qg3 (22. Qg4 Nxd5 23. f4 Nf6 24.
Qe2 Rc5 25. Nc2 Qb6 26. Kh1 h5 27. Ne3 Re8 28. g3 d5 29. Bh3 b4 30. c4 dxc4 31.
Nxc4 Qc7 32. Nd6 Rd8 33. Nxe4 Rxd1 34. Nxf6+ Bxf6 35. Rxd1 Rc1 36. Rxc1 {
1/2-1/2 Lutz,C (2596)-Krasenkow,M (2676)/Mallorca 2004}) 22... Qf6 23. c4 $146
({In Alekseev,E (2597)-Tregubov,P (2612)/Sochi 2005 Black was doing fine after
} 23. Nc2 Kh8 24. Kh1 Rae8 25. Qe3 Nxd5 26. Qd2 Rd8 27. g3 Nb6 28. Ne3 d5 $11)
23... Kh8 {A plausible, though standard reaction: Black gives up the queenside
in order to bring all his forces to attack enemy´s king.} (23... Rg5 24. Qe3 (
24. Qb3 Nxg2 $1 25. Bxg2 Qf3 $17) 24... bxc4 (24... Nxg2 $2 25. Bxg2 Qf3 26.
Qxg5 $18) (24... Qf5 {Threatening a check on h3} 25. g3 $1 (25. Rd2 Bd4 26.
Qxd4 Nxg2 27. Bxg2 Rxg2+ 28. Kxg2 Qg4+ $11) (25. Kh1 Bxb2 $13) 25... Bxb2 26.
cxb5 Nxd5 27. Qb3 Bg7 (27... Bxa3 28. Qxa3 $16) 28. bxa6 $16) 25. Nxc4 Re8 26.
f3 $14) (23... bxc4 24. Nxc4 Rg5 25. Qa3 $16) (23... b4 24. Nc2 a5 25. Nd4 $14)
24. cxb5 Rg8 (24... axb5 25. Nxb5 $16 Rxa2 $140 26. Nc3 Rxb2 27. Nxe4 Qh6 28.
Nxd6 Qxd6 29. Qxf4 $18) 25. Kh1 (25. bxa6 Rg5 26. Qe3 (26. Qb3 Nxg2 27. Bxg2
Qg6 $40 (27... Qf3 28. Qxf3 exf3 29. Nc4 Rxg2+ 30. Kh1 $18)) 26... Nxg2 27.
Bxg2 Rxg2+ 28. Kxg2 Bh6+ 29. Qg3 Qf3+ 30. Kh3 (30. Kf1 $2 Rxg3 31. hxg3 e3 $19)
(30. Kg1 $2 e3 $19) 30... Qh5+ $11) (25. Qe3 Bh6 $40) (25. Nc4 $6 Rg5 26. Qe3
axb5 $17) ({The critical continuation is} 25. Qb3 {and Black still has to find
a convincing way for his attack. Direct attempts fail:} Qh6 $140 (25... Rh5 26.
Rxe4) 26. g3 Nh3+ (26... Rh5 $2 27. Rxe4 Rxh2 28. Qf3 $18) 27. Bxh3 (27. Kg2 $2
Nxf2 $1 28. Kxf2 Qxh2+ 29. Ke3 (29. Bg2 Rf5+ $19) 29... Bh6+ 30. Kd4 Qf2+ 31.
Kc3 Rxg3+ $19) 27... Qxh3 28. f4 $16) 25... axb5 $2 {Wrong move order.} (25...
Qh6 $1 {With ideas ...Rg5 or ...Rh5 followed by ...Be5.} 26. Nc4 {It is
important for White to take control over square e5. After other moves Black
has a big advantage.} (26. bxa6 Rg5 $1 27. Qe3 (27. Qxf4 Be5) 27... Nxg2 $1 28.
Bxg2 Be5 29. Qh3 Rh5 30. Re3 f5 $5 $17 {[%cal Gf5f4]}) (26. Qe3 Rh5 27. h3 Be5
$1 28. Nc4 (28. bxa6 Rhg5 29. a7 Nxh3 $19) (28. Qxe4 Rxh3+ 29. gxh3 Nxh3 $19)
28... Qg7 $1 (28... Nxh3 29. Qxh6 Nxf2+ 30. Kg1 Nh3+ $11) 29. Nxe5 Rxh3+ $19) (
26. h3 Nxh3 $1 27. gxh3 (27. Qxh3 Rh5) 27... Rg5 28. Rxe4 (28. Qe3 Be5 29. Bc4
Rg2 $19 {[%cal Gg2h2]}) 28... Rxg3 29. fxg3 axb5 30. Nxb5 Be5 $17) 26... Rh5
27. h3 {Now Black can make a draw or play for more:} (27. Rxe4 Be5 $19) 27...
Bd4 (27... axb5 28. Rxe4 Nxh3 29. gxh3 bxc4 $44) 28. Qxg8+ (28. Rxd4 Rxg3 29.
fxg3 Nxh3 30. gxh3 Rxh3+ 31. Bxh3 Qxh3+ 32. Kg1 Qxg3+ 33. Kf1 Qf4+ 34. Kg2 Qg5+
35. Kh2 (35. Kf2 Qf6+ 36. Ke3 Qf3+ 37. Kd2 Qf2+ $19) 35... Qh6+ 36. Kg2 Qg7+
$19) 28... Kxg8 29. Rxd4 Nxh3 (29... axb5 $5) 30. gxh3 Rxh3+ 31. Bxh3 Qxh3+ 32.
Kg1 Qg4+ 33. Kf1 Qh3+ 34. Ke2 Qf3+ 35. Kf1 $11) 26. Nxb5 {Now the knight comes
into play and Black has no time to create an attack.} Qh6 $2 (26... Bf8 27. Qb3
$16) 27. Nxd6 $1 {[%csl Rf7]} Qxd6 28. Qxf4 $18 Bh6 29. Qh4 f5 ({Black keeps
some practical chances with} 29... Bg5 30. Qh3 Rxd5 {although White is of
course winning after:} 31. Rxd5 Qxd5 32. Qc3+ Rg7 33. Bc4) 30. Qh3 Rg6 31. Qc3
Kg8 (31... Bg7 32. Qc8+ Bf8 33. f4 $18) 32. b4 {Three extra pawns and a better
position...} Bf8 33. a4 Rh6 34. h3 f4 35. Qd4 Qe7 36. a5 e3 37. Qxf4 Rf6 38.
Qg3+ Rg6 39. d6 Qxd6 40. Bc4+ Kg7 41. Rxd6 Rxg3 42. Rd7+ Kh6 43. fxg3 Bxb4 44.
Re2 Bxa5 45. Bd5 1-0

[Event "Donetzk zt"]
[Site "Donetsk"]
[Date "1998.11.02"]
[Round "1"]
[White "Golubev, Mikhail"]
[Black "Nechaev, Andrei"]
[Result "1-0"]
[WhiteElo "2515"]
[BlackElo "2330"]
[Annotator "Rogozenco,D"]
[PlyCount "81"]
[EventDate "1998.11.02"]
[EventType "swiss"]
[EventRounds "11"]
[EventCountry "UKR"]
[SourceTitle "CBM 068"]
[Source "ChessBase"]
[SourceDate "1999.02.01"]
[SourceVersion "1"]
[SourceVersionDate "1999.02.01"]
[SourceQuality "1"]

1. e4 c5 2. Ne2 Nc6 3. Nbc3 e6 (3... e5 $5) 4. d4 cxd4 5. Nxd4 Nf6 6. Ndb5 d6
7. Bf4 e5 8. Bg5 a6 9. Na3 b5 10. Bxf6 gxf6 11. Nd5 Bg7 12. c3 f5 13. exf5 Bxf5
14. Nc2 Be6 15. Nce3 (15. g3 {In my opinion this move is more precise here.}
Ne7 (15... O-O $5) 16. Bg2 Nxd5 17. Bxd5 $14) 15... O-O (15... Ne7 {Practicaly
forcing White to play the variation with 16.g3. After taking on d5, White must
take back with the Knight unlike the previous remark (after 15.g3), which is
more convenient for Black.}) 16. Bd3 f5 {Nowadays a very fashionable line.
White has several possibilities in this position, but neither of them proved
to be a clear advantage. The more interesting is to watch this game, in which
White won convincingly.} 17. O-O (17. Qh5) (17. Bc2) 17... Ra7 $6 {It always
looked a bit artificial to me. This move can be good only if White starts to
play on the Kingside.} (17... Rb8 18. Qh5 Qd7 19. Rad1 Kh8 20. Bc2 b4 $13 {
David,A-Manor,I/Czerniak-mem Bikurei Haitim 1997}) (17... e4 18. Nf4 Bf7 19.
Bc2 Be5 {Black had good practical results here so far.}) 18. a4 $1 {Although
technically speaking this is not a novelty, on the high level it was never met
before. I think this move can put serious problems to the whole line with 17. .
.. Ra7.} (18. Qh5 Raf7 19. f4 (19. g4 e4 20. Bc2 Ne5 $132 {Svidler-San Segundo/
Madrid 1998}) (19. a4 $5) 19... Ne7 $11 {Asrian-Rogozenko/Elista(ol.) 1998})
18... b4 (18... f4 19. Qh5 Bh8 20. Bxh7+ Rxh7 21. Qg6+ $18) (18... e4 19. Nf4 (
19. axb5 exd3 20. bxc6 f4 $13) 19... Bf7 20. axb5 $16) (18... Ne7 19. Nxe7+
Qxe7 (19... Rxe7 20. axb5 axb5 21. Bxb5 d5 22. Ra6 $16) 20. axb5 axb5 21. Rxa7
Qxa7 22. Bxb5 Qc5 23. Ba4 $16) (18... bxa4 19. Rxa4 a5 {I don´t see anything
better than this for Black. However, White´s chances look better here.}) 19.
Qh5 (19. cxb4 {Maybe there is no need to take the pawn, but I don´t see a
clear compensation here.} e4 20. Nf4 Bf7 21. Bc4 $16) 19... e4 20. Nf4 Bf7 21.
Bc4 {That´s the difference. Now White can use the c4 square for his pieces.}
Qf6 $2 (21... Bxc4 22. Nxc4 bxc3 {It was necessary to try something like this.}
23. bxc3 Bxc3 24. Rad1 $14) 22. Nfd5 {Now White wins a pawn and there is no
compensation.} Qe5 23. Qxf5 Na5 24. Qxe5 Bxe5 25. Rad1 bxc3 26. bxc3 Nxc4 27.
Nxc4 Bxc3 28. Nxd6 (28. Nxc3 $143 Bxc4 29. Rfe1 $16) 28... Bxd5 29. Rxd5 Re7
30. Nf5 {The endgame is easy won for White. Black has many weak pawns, the
King is very bad and there is no counterplay at all.} Rb7 31. Rc1 Bf6 32. g4
Bg5 (32... Rb4 33. Rc7 Rxa4 34. Nh6+ Kh8 35. Rdd7 $18) 33. Re1 Rb4 34. a5 Ra4
35. h3 Bf4 36. Rb1 Ra3 37. Rb4 Rxh3 38. Rxe4 Bc7 39. Re7 Bd8 40. Ra7 Ra3 41.
Nh6+ 1-0